00652nam a2200193 a 450000100100000000500170001000800410002704000250006808200200009310000260011324500420013926000540018130000200023565000280025565000310028304900090031495201180032399900170044100001075920240412074221.0091009s1951 dr 000 p spa d aDO-SdBNPbspacBNPHU aRD861.44bM814c1 aMorel, Tomás92596813aLa calle de mi casa /cTomás Morel. aSantiago, República Dominicana :bYaque,c1951. a55 p. ;c20 cm. 0aPoesía dominicana966 0aLiteratura dominicana.967 aBNPD 0010718PDaPDbPDcCTd2009-10-09iLF1l0oRD861.44 M814cp10759-10r2020-06-25w2020-06-25yLFPDZNo se presta c10514d10514